01052 2200325 4500001002100000005001500021035002000036007000300056008004100059020002200100040002200122082001700144084001900161090002200180100003700202245013200239250003100371300003900402650002300441700002900464700003300493850001200526504002900538264004100567336002100608337003000629338002300659999002200682990002200704INLIS00000000088207020230925110208 a0010-0923000662ta230925s2023 yoi g ind d a978-623-09-4185-6 aYOPDYOGbinderda04223a658.4012 a658.4012 YAS m aCB-D.11 2023-18740 aYasnimar Ilyasd1957-ePengarang10aManajemen stategik :bimplementasi strategi dalam organisasi dan bisnis /cYasnimar Ilyas, Mujito; penyunting, Randa Anggarista aCetakan pertama, Juni 2023 avii, 98 halaman :bgambar ;c23 cm 4aManajemen strategi0 aMujitod1981-ePengarang0 aRanda AnggaristaePenyunting aYOPDYOG aBibilografi : halaman 9631aBantul :bSelat Media Patners,c2023 2rdacontentateks 2rdamediaatanpa perantara 2rdacarrieravolume aCB-D.11/2023-1874 aCB-D.11/2023-1874